[Event "SLO-chT2 West"]
[Site "Komenda"]
[Date "2021.11.28"]
[Round "4.4"]
[White "Pavlin, Ivan"]
[Black "Planinsek, Bojan"]
[Result "1/2-1/2"]
[WhiteElo "1821"]
[BlackElo "1735"]
[PlyCount "52"]
[EventDate "2021.11.27"]
[EventType "team-tourn"]
[EventRounds "7"]
[EventCountry "SLO"]
[SourceTitle "EXT 2024"]
[Source "ChessBase"]
[SourceDate "2023.10.10"]
[SourceVersion "1"]
[SourceVersionDate "2023.10.10"]
[SourceQuality "1"]
[WhiteTeam "Jesenice Acroni"]
[BlackTeam "Kranj Tomo Zupan II"]
[WhiteTeamCountry "SLO"]
[BlackTeamCountry "SLO"]

1. d4 d5 2. c4 e6 3. Nc3 Nf6 4. e3 b6 5. Nf3 Bb7 6. Be2 Be7 7. 0-0 0-0 8. a3 c5 9. dxc5 Bxc5 10. b4 Be7 11. Bb2 Nbd7 12. Rc1 Re8 13. h3 Rc8 14. cxd5 Nxd5 15. Nxd5 Bxd5 16. Qd2 Nf6 17. Bd4 Ne4 18. Qb2 Bf6 19. Bxf6 Qxf6 20. Qxf6 Nxf6 21. Ba6 Rxc1 22. Rxc1 Re7 23. Rc8+ Ne8 24. Bb5 Kf8 25. Ng5 f6 26. Nf3 Kf7 1/2-1/2

[Event "SLO-chT2 West"]
[Site "Komenda"]
[Date "2019.11.17"]
[Round "5.3"]
[White "Novak, Robert"]
[Black "Pavlin, Ivan"]
[Result "1-0"]
[WhiteElo "1698"]
[BlackElo "1858"]
[PlyCount "75"]
[EventDate "2019.11.15"]
[EventType "team-tourn"]
[EventRounds "9"]
[EventCountry "SLO"]
[SourceTitle "EXT 2024"]
[Source "ChessBase"]
[SourceDate "2023.10.10"]
[SourceVersion "1"]
[SourceVersionDate "2023.10.10"]
[SourceQuality "1"]
[WhiteTeam "Vrhnika"]
[BlackTeam "Jesenice Acroni"]
[WhiteTeamCountry "SLO"]
[BlackTeamCountry "SLO"]

1. d4 d5 2. c4 e6 3. Nc3 Nf6 4. Bg5 Be7 5. e3 0-0 6. Nf3 b6 7. cxd5 Nxd5 8. Bxe7 Nxe7 9. Bd3 Bb7 10. 0-0 Ng6 11. Qc2 Nd7 12. Rac1 c5 13. Ne4 Bd5 14. Bc4 Bxe4 15. Qxe4 Nf6 16. Qc2 cxd4 17. Nxd4 Ne7 18. Rfd1 Qc7 19. Nxe6 Qe5 20. Nxf8 Rxf8 21. Qb3 Ng6 22. Rd4 Ne4 23. Rcd1 Nc5 24. Qc2 Qg5 25. Rd5 Qg4 26. Be2 Qe6 27. Rd8 Qe7 28. Rxf8+ Nxf8 29. Rd5 g6 30. h3 Qf6 31. b4 Nce6 32. Bg4 h5 33. Bxe6 Nxe6 34. a4 Qa1+ 35. Kh2 Qf6 36. a5 g5 37. Qf5 Qc3 38. Rd7 1-0